[Event "SVK-ch U14"]
[Site "Tatralandia"]
[Date "2025.05.16"]
[Round "7"]
[White "Sleziak, Michal"]
[Black "Matusek, Levente"]
[Result "1-0"]
[WhiteElo "1000"]
[BlackElo "1235"]
[PlyCount "71"]
[EventDate "2025.05.11"]
[EventType "swiss"]
[EventRounds "9"]
[EventCountry "SVK"]
[SourceTitle "CB21_2025"]
[SourceDate "2025.05.21"]
[SourceVersion "1"]
[SourceVersionDate "2025.05.21"]
[SourceQuality "1"]

1. e4 e5 2. Nf3 Nc6 3. Nc3 Nf6 4. Bc4 Nxe4 5. Nxe4 d5 6. Bb5 dxe4 7. Nxe5 Bd7 8. Qh5 g6 9. Qe2 Nxe5 10. 0-0 Bg7 11. Bxd7+ Qxd7 12. Qxe4 0-0 13. b3 Rfe8 14. Qa4 Qxa4 15. bxa4 Nf3+ 16. gxf3 Bxa1 17. c3 Re2 18. Ba3 Rae8 19. Rxa1 Re1+ 20. Rxe1 Rxe1+ 21. Kg2 Ra1 22. Bc5 Rxa2 23. Bxa7 Rxa4 24. Bb8 c6 25. d4 b5 26. Bd6 f5 27. h4 Kf7 28. f4 Ra2 29. Kg3 Ra3 30. Bxa3 Ke6 31. Kf3 Kd5 32. Ke3 Kc4 33. Bf8 Kxc3 34. Bg7 b4 35. d5+ Kc2 36. dxc6 1-0

[Event "SVK-ch U14"]
[Site "Tatralandia"]
[Date "2025.05.14"]
[Round "5"]
[White "Fekiac, Filip"]
[Black "Sleziak, Michal"]
[Result "0-1"]
[WhiteElo "1000"]
[BlackElo "1000"]
[PlyCount "84"]
[EventDate "2025.05.11"]
[EventType "swiss"]
[EventRounds "9"]
[EventCountry "SVK"]
[SourceTitle "CB21_2025"]
[SourceDate "2025.05.21"]
[SourceVersion "1"]
[SourceVersionDate "2025.05.21"]
[SourceQuality "1"]

1. d4 d5 2. Bf4 Nc6 3. Nf3 Nf6 4. e3 Bg4 5. c4 dxc4 6. Bxc4 g6 7. Qb3 Be6 8. Bxe6 fxe6 9. Qxe6 Nd5 10. Ng5 Nxf4 11. Qf7+ Kd7 12. Qxf4 Bh6 13. Qg4+ Ke8 14. h4 Bxg5 15. hxg5 Nb4 16. Rh3 Nc2+ 17. Kf1 Nxa1 18. Rf3 h5 19. Qe6 Qd6 20. Qf7+ Kd7 21. Nc3 Raf8 22. Qc4 Rxf3 23. Ne4 Qa6 24. Qxa6 bxa6 25. gxf3 h4 26. Nc5+ Kc8 27. Ne4 h3 28. Ng3 Nc2 29. f4 h2 30. Kg2 Ne1+ 31. Kh1 Nd3 32. f5 gxf5 33. Nxf5 Nxf2+ 34. Kg2 h1Q+ 35. Kg3 Qh3+ 36. Kxf2 Qxf5+ 37. Ke2 Qxg5 38. Kd3 Qb5+ 39. Ke4 Rh4+ 40. Kf3 Qf5+ 41. Ke2 Rh2+ 42. Kd1 Qb1# 0-1